000 00688nam a2200217Ia 4500
003 GCL
008 140319s9999 xx 000 0 ara d
040 _aGCL /
_cGCL
082 0 4 _aد
_b050
_bد هـ
245 1 0 _aالهلال يونيه 2004 : الحرف التقليدية والماثورات الشعبية
260 _aالقاهرة :
_bدار الهلال للطباعة والنشر ،
_c2004
650 0 4 _aالهجرة
650 0 4 _aعلى مبارك
650 0 4 _aالشباب
650 0 4 _aالحرف اليدوية
650 0 4 _aالكاريكاتير
650 0 4 _aالفكر الفلسفى
650 0 4 _aالعولمة
650 0 4 _aالازهر
942 _2ddc
_cCR
999 _c6774
_d6774